Thiết bị điện tử và mạch điện tử ứng dụng : Bộ chuyển mạch và bộ khuếch đại transistor

Uloženo v:
Podrobná bibliografie
Hlavní autor: Quang Minh
Médium: Kniha
Jazyk:Undetermined
Vydáno: Tp. Hồ Chí Minh Thống kê 2004
Témata:
Tagy: Přidat tag
Žádné tagy, Buďte první, kdo otaguje tento záznam!
Thư viện lưu trữ: Trung tâm Học liệu Trường Đại học Cần Thơ
LEADER 00652nam a2200205Ia 4500
001 CTU_91713
008 210402s9999 xx 000 0 und d
020 |c 17500 
082 |a 621.3815 
082 |b Qu106 
100 |a Quang Minh 
245 0 |a Thiết bị điện tử và mạch điện tử ứng dụng : 
245 0 |b Bộ chuyển mạch và bộ khuếch đại transistor 
245 0 |c Quang Minh, Ngọc Cương 
260 |a Tp. Hồ Chí Minh 
260 |b Thống kê 
260 |c 2004 
650 |a Electronic circuits 
904 |i Nguyên 
980 |a Trung tâm Học liệu Trường Đại học Cần Thơ